Diario de un viaje entre China y la costa noroeste de América efectuado en 1804 (Record no. 99)

MARC details
000 -CABECERA
campo de control de longitud fija 00967nam a2200253 a 4500
001 - NÚMERO DE CONTROL
campo de control BRCA_114
005 - FECHA Y HORA DE LA ÚLTIMA TRANSACCIÓN
campo de control 20190320202902.0
008 - DATOS DE LONGITUD FIJA--INFORMACIÓN GENERAL
campo de control de longitud fija 920306s1990 mx-#---###---#000-0#eng-#
020 ## - NÚMERO INTERNACIONAL ESTÁNDAR DEL LIBRO
Número Internacional Estándar del Libro 9688590525
040 ## - FUENTE DE LA CATALOGACIÓN
Centro catalogador/agencia de origen DLC
Centro/agencia transcriptor DLC
050 #4 - SIGNATURA TOPOGRÁFICA DE LA BIBLIOTECA DEL CONGRESO
Número de clasificación F1211.S5
Número de documento/Ítem .S53 1990
100 1# - ENTRADA PRINCIPAL--NOMBRE DE PERSONA
Nombre de persona Shaler, William
9 (RLIN) 443
245 10 - MENCIÓN DE TÍTULO
Título Diario de un viaje entre China y la costa noroeste de América efectuado en 1804
Mención de responsabilidad, etc. William Shaler ; traducción, edición y notas de Guadalupe Jiménez Codinach.
260 ## - PUBLICACIÓN, DISTRIBUCIÓN, ETC.
Lugar de publicación, distribución, etc. México
Nombre del editor, distribuidor, etc. Universidad Iberoamericana, Departamento de Historia
Fecha de publicación, distribución, etc. 1990
300 ## - DESCRIPCIÓN FÍSICA
Extensión 106 p.
Dimensiones 21 cm.
500 ## - NOTA GENERAL
Nota general Traducción de: Journal of a Voyage
500 ## - NOTA GENERAL
Nota general Bibliografía: p. 99-106
650 14 - PUNTO DE ACCESO ADICIONAL DE MATERIA--TÉRMINO DE MATERIA
Término de materia o nombre geográfico como elemento de entrada Viajeros chinos
Subdivisión cronológica Siglo XVII
9 (RLIN) 444
651 #4 - PUNTO DE ACCESO ADICIONAL DE MATERIA--NOMBRE GEOGRÁFICO
Nombre geográfico China
Subdivisión general Descripción y viajes
Subdivisión cronológica Siglo XVII
9 (RLIN) 445
651 #4 - PUNTO DE ACCESO ADICIONAL DE MATERIA--NOMBRE GEOGRÁFICO
Nombre geográfico California (Estados Unidos)
Subdivisión general Descripción y viajes
Subdivisión cronológica Siglo XVII
9 (RLIN) 446
653 0# - TÉRMINO DE INDIZACIÓN--NO CONTROLADO
Término no controlado Viajeros extranjeros
700 1# - PUNTO DE ACCESO ADICIONAL--NOMBRE DE PERSONA
Nombre de persona Jiménez Codinach, Guadalupe
9 (RLIN) 447
942 ## - ELEMENTOS DE PUNTO DE ACCESO ADICIONAL (KOHA)
Fuente del sistema de clasificación o colocación Library of Congress Classification
Tipo de ítem Koha Libros
Holdings
Estado de retiro Estado de pérdida Estado dañado No para préstamo Localización permanente Ubicación/localización actual Fecha de adquisición Total de préstamos Signatura topográfica completa Código de barras Fecha visto por última vez Precio válido a partir de Tipo de ítem Koha
El ejemplar forma parte de la colección y puede ser consultado según las políticas vigentes.       Biblioteca del Museo Franz Mayer (Rogerio Casas-Alatriste) Biblioteca del Museo Franz Mayer (Rogerio Casas-Alatriste) 25/06/2008   F1211.S5 .S53 1990 00108 22/03/2019 22/03/2019 Libros